000 00397nam a2200157Ia 4500
008 210210b2005 xxu||||| |||| 00| 0 eng d
020 _a81 7141 960 7
082 _a574.87 TYAC
100 _aTYAGI (Rajeev).
245 _aCell Biotechnology.
260 _aN D
_bDiscovery Publishing House
_c2005
300 _a321
650 _aCell Biotechnology
690 _aCell Biology
906 _aSG04652
999 _c115345
_d115345